Most Catholic Countries in Asia - Statistics

General Stats
  • This quiz has been taken 288 times
    39 since last reset
  • The average score is 12 of 15
Answer Stats
Answer % Correct
China
100%
India
97%
Philippines
97%
South Korea
97%
Indonesia
92%
East Timor
89%
Malaysia
84%
Vietnam
82%
Lebanon
76%
Kuwait
66%
Pakistan
63%
Singapore
63%
Saudi Arabia
61%
Qatar
58%
Bahrain
55%
No matching quizzes found
Score Distribution
Percent of People with Each Score
Percentile by Number Answered
Your Score History
You have not taken this quiz since the last reset